The Hobbit Characters - Statistics

General Stats
  • This quiz has been taken 2,800 times
  • The average score is 18 of 24
Answer Stats
Hint Answer % Correct
Wizard who got the burglar involved Gandalf the Gray
96%
The burglar/grocer Bilbo Baggins
92%
Dragon in the Lonely Mountains Smaug
91%
Dwarf #4 Fili
90%
Dwarf #5 Kili
90%
Previous owner of the Ring Gollum
89%
Leader of the dwarves' company Thorin Oakenshield
86%
Dwarf #9 Balin
84%
Dwarf #12 Bombur
82%
Dwarf #8 Dwalin
82%
Lord of Rivendell Elrond
82%
Dwarf #7 Gloin
82%
Dwarf #6 Oin
80%
Dwarf #10 Bifur
79%
Dwarf #11 Bofur
79%
Dwarf #3 Nori
77%
Dwarf #2 Ori
77%
Dwarf #1 Dori
74%
The leader of the company's father Thrain
69%
Father of the leader's father Thror
66%
The Elvenking Thranduil
63%
Creature that saved Thorin & Co from the Wargs and Goblins Lord of the Eagles
56%
Bane of Smaug The Bard
55%
King of the Goblins The Great Goblin
22%
No matching quizzes found
Score Distribution
Percent of People with Each Score
Percentile by Number Answered
Your Score History
You have not taken this quiz